<?xml version="1.0" encoding="UTF-8"?>
<record
    xmlns:xsi="http://www.w3.org/2001/XMLSchema-instance"
    xsi:schemaLocation="http://www.loc.gov/MARC21/slim http://www.loc.gov/standards/marcxml/schema/MARC21slim.xsd"
    xmlns="http://www.loc.gov/MARC21/slim">

  <leader>02399nam a2200313   4500</leader>
  <controlfield tag="001"> </controlfield>
  <controlfield tag="003">DO-SdBNP</controlfield>
  <controlfield tag="005">20220505102832.0</controlfield>
  <controlfield tag="008">010831s2005   dr a     b    001 0bspa  </controlfield>
  <datafield tag="010" ind1=" " ind2=" ">
    <subfield code="a">  2001429096</subfield>
  </datafield>
  <datafield tag="020" ind1=" " ind2=" ">
    <subfield code="a">9993429201</subfield>
  </datafield>
  <datafield tag="040" ind1=" " ind2=" ">
    <subfield code="a">BPMSU</subfield>
    <subfield code="b">spa</subfield>
    <subfield code="c">BPMSU</subfield>
    <subfield code="d"> </subfield>
  </datafield>
  <datafield tag="082" ind1=" " ind2=" ">
    <subfield code="2">22</subfield>
    <subfield code="a">923.2097293</subfield>
    <subfield code="b">R896C 2005</subfield>
  </datafield>
  <datafield tag="100" ind1="1" ind2=" ">
    <subfield code="a">Collado, Lipe,</subfield>
    <subfield code="d">1947-</subfield>
  </datafield>
  <datafield tag="245" ind1="1" ind2="3">
    <subfield code="a">La impresionante vida de un seductor Porfirio Rubirosa :</subfield>
    <subfield code="b">de c&#xF3;mo un dominicano se convirti&#xF3; en chulo del Jet Set internacional /</subfield>
    <subfield code="c">Lipe Collado.</subfield>
  </datafield>
  <datafield tag="246" ind1="3" ind2="0">
    <subfield code="a">Porfirio Rubirosa</subfield>
  </datafield>
  <datafield tag="246" ind1="3" ind2="0">
    <subfield code="a">Rubirosa</subfield>
  </datafield>
  <datafield tag="260" ind1=" " ind2=" ">
    <subfield code="a">[Dominican Republic :</subfield>
    <subfield code="b">s.n.,</subfield>
    <subfield code="c">2001]</subfield>
    <subfield code="e">(Santo Domingo, Rep&#xFA;blica Dominicana :</subfield>
    <subfield code="f">Editora Collado)</subfield>
  </datafield>
  <datafield tag="300" ind1=" " ind2=" ">
    <subfield code="a">1 v. (various pagings) :</subfield>
    <subfield code="b">ill. ;</subfield>
    <subfield code="c">23 cm.</subfield>
  </datafield>
  <datafield tag="500" ind1=" " ind2=" ">
    <subfield code="3">Incluye datos biogr&#xE1;ficos del autor en la solapa de la cubierta </subfield>
  </datafield>
  <datafield tag="504" ind1=" " ind2=" ">
    <subfield code="a">Incluye bibliograf&#xED;a e &#xED;ndice   </subfield>
  </datafield>
  <datafield tag="505" ind1="0" ind2=" ">
    <subfield code="a">Parte I  : Caracter&#xED;sticas del Don Juan o Casanova o Playboy 7 -- Magnetismo y misterio de un seductor 11 -- Un chulo exitoso 16 -- Lo que dijeron las mujeres de Rubirosa 23 -- Bajo el signo de acuario 31 -- De polizonte entre las m&#xE1;quinas de un barco 47 -- Rubirosa en el ej&#xE9;rcito 51 -- Su primera gran seducci&#xF3;n 55 -- Matrimonio Rubirosa y flor de oro 63 -- Bienestar y amargura 69 -- Antecedentes del crimen de Bencosme 77 -- El supuesto asesinato de un polaco 83 -- Un deportista nato 87 -- Peregrinaje de un soldado del amor 91 -- Danielle Darrieux 93 -- Doris Duke en las garras del t&#xED;guere 99 -- Un zarpazo felino: cae B&#xE1;rbara Hutton 109 -- Zsa Zsa Gabor: en las redes de Rubirosa 115 -- El afrodis&#xED;aco pega palo y Porfirio Rubirosa 121 -- Magnetismo y sexo en Rubirosa 125 -- Porfilio Rubirosa en Cuba 131 -- Circularidad en las vidas de Rubi y Ramfis 137 -- Rubirosa, Ramfis y los Estados Unidos 141 -- El "suicidio" de Porfirio Rubirosa 149 -- El t&#xED;quere Rubirosa 155 -- Trujillo y Rubirosa; dos t&#xED;queres 159 -- An&#xE9;cdotas y decires sobre Rubirosa 167 -- Parte II -- &lt;&lt;Mis memorias&gt;&gt;, por Porfirio Rubirosa 1-127 -- Parte III  : Anexos 1-16 -- Cronolog&#xED;a de la vida de Porfirio Rubirosa -- &#xCD;ndice Onom&#xE1;sticco.</subfield>
  </datafield>
  <datafield tag="590" ind1=" " ind2=" ">
    <subfield code="6">Inventariado, 2022/VM</subfield>
  </datafield>
  <datafield tag="600" ind1="1" ind2="4">
    <subfield code="a">Rubirosa, Porfirio,</subfield>
    <subfield code="d">1909-1965.</subfield>
    <subfield code="v">Biograf&#xED;as </subfield>
  </datafield>
  <datafield tag="600" ind1="1" ind2="4">
    <subfield code="a">Rubirosa, Porfirio,</subfield>
    <subfield code="d">1909-1965</subfield>
    <subfield code="x">Relaciones con mujeres</subfield>
  </datafield>
  <datafield tag="650" ind1=" " ind2="4">
    <subfield code="a">Diplom&#xE1;ticos dominicanos </subfield>
    <subfield code="v">Biograf&#xED;as </subfield>
    <subfield code="z"> </subfield>
  </datafield>
  <datafield tag="910" ind1=" " ind2=" ">
    <subfield code="a">VMateo V. </subfield>
  </datafield>
  <datafield tag="942" ind1=" " ind2=" ">
    <subfield code="2">ddc</subfield>
    <subfield code="c">BK</subfield>
  </datafield>
  <datafield tag="952" ind1=" " ind2=" ">
    <subfield code="0">0</subfield>
    <subfield code="1">0</subfield>
    <subfield code="2">ddc</subfield>
    <subfield code="4">0</subfield>
    <subfield code="7">0</subfield>
    <subfield code="8">CD</subfield>
    <subfield code="a">BPMET</subfield>
    <subfield code="b">BPMET</subfield>
    <subfield code="d">2022-05-05</subfield>
    <subfield code="e">Fundaci&#xF3;n Juan Bosch </subfield>
    <subfield code="l">0</subfield>
    <subfield code="o">BPMSU CD 923.2097293 R896C 2005</subfield>
    <subfield code="p">BPMSU22050013</subfield>
    <subfield code="r">2022-05-05</subfield>
    <subfield code="w">2022-05-05</subfield>
    <subfield code="y">BK</subfield>
  </datafield>
  <datafield tag="952" ind1=" " ind2=" ">
    <subfield code="0">0</subfield>
    <subfield code="1">0</subfield>
    <subfield code="2">ddc</subfield>
    <subfield code="4">0</subfield>
    <subfield code="7">0</subfield>
    <subfield code="8">CD</subfield>
    <subfield code="a">BPMET</subfield>
    <subfield code="b">BPMET</subfield>
    <subfield code="d">2022-05-05</subfield>
    <subfield code="e">Fundaci&#xF3;n Juan Bosch </subfield>
    <subfield code="l">0</subfield>
    <subfield code="o">BPMSU CD 923.2097293 R896C 2005</subfield>
    <subfield code="p">BPMSU22050014</subfield>
    <subfield code="r">2022-05-05</subfield>
    <subfield code="t">e.2</subfield>
    <subfield code="w">2022-05-05</subfield>
    <subfield code="y">BK</subfield>
  </datafield>
  <datafield tag="952" ind1=" " ind2=" ">
    <subfield code="0">0</subfield>
    <subfield code="1">0</subfield>
    <subfield code="2">ddc</subfield>
    <subfield code="4">0</subfield>
    <subfield code="7">0</subfield>
    <subfield code="8">CD</subfield>
    <subfield code="a">BPMET</subfield>
    <subfield code="b">BPMET</subfield>
    <subfield code="d">2022-05-05</subfield>
    <subfield code="e">Fundaci&#xF3;n Juan Bosch </subfield>
    <subfield code="l">0</subfield>
    <subfield code="o">BPMSU CD 923.2097293 R896C 2005</subfield>
    <subfield code="p">BPMSU22050015</subfield>
    <subfield code="r">2022-05-05</subfield>
    <subfield code="t">e.3</subfield>
    <subfield code="w">2022-05-05</subfield>
    <subfield code="y">BK</subfield>
  </datafield>
  <datafield tag="999" ind1=" " ind2=" ">
    <subfield code="c">14186</subfield>
    <subfield code="d">14186</subfield>
  </datafield>
</record>
